Prinsip kimia / (Record no. 2381)

000 -LEADER
fixed length control field nam a22 a 4500
003 - CONTROL NUMBER IDENTIFIER
control field AKMAL
005 - DATE AND TIME OF LATEST TRANSACTION
control field 20170516113706.0
008 - FIXED-LENGTH DATA ELEMENTS--GENERAL INFORMATION
fixed length control field 170516s1999 myj 00 eng d
020 ## - INTERNATIONAL STANDARD BOOK NUMBER
International Standard Book Number 9835201625:
Terms of availability RM120.00
020 ## - INTERNATIONAL STANDARD BOOK NUMBER
International Standard Book Number 9835201625
039 #9 - LEVEL OF BIBLIOGRAPHIC CONTROL AND CODING DETAIL [OBSOLETE]
Level of rules in bibliographic description 200804091652
Level of effort used to assign nonsubject heading access points ninaliza
040 ## - CATALOGING SOURCE
Original cataloging agency AKMAL
Transcribing agency AKMAL
049 00 - LOCAL HOLDINGS (OCLC)
Holding library mal
082 04 - DEWEY DECIMAL CLASSIFICATION NUMBER
Classification number 540 MAS
Edition number 21
090 00 - LOCALLY ASSIGNED LC-TYPE CALL NUMBER (OCLC); LOCAL CALL NUMBER (RLIN)
Classification number (OCLC) (R) ; Classification number, CALL (RLIN) (NR) 540
Local cutter number (OCLC) ; Book number/undivided call number, CALL (RLIN) MAS
100 1# - MAIN ENTRY--PERSONAL NAME
Personal name Masterton, William L.,
Dates associated with a name 1927-
9 (RLIN) 4963
245 10 - TITLE STATEMENT
Title Prinsip kimia /
Statement of responsibility, etc. William L. Masterton, Emil J. Slowinski, Conrad L. Stanitski ; penterjemah Satapah Ahmad, Mustaffa Shamsuddin, Mohammad Yusof Arshad
250 ## - EDITION STATEMENT
Edition statement Edisi ke-6
260 ## - PUBLICATION, DISTRIBUTION, ETC.
Place of publication, distribution, etc. Johor Bahru :
Name of publisher, distributor, etc. Penerbit Universiti Teknologi Malaysia,
Date of publication, distribution, etc. 1999
300 ## - PHYSICAL DESCRIPTION
Extent xvii, 1049ms. ;
Dimensions 27cm.
650 #0 - SUBJECT ADDED ENTRY--TOPICAL TERM
Topical term or geographic name entry element Chemistry
9 (RLIN) 4954
700 1# - ADDED ENTRY--PERSONAL NAME
Personal name Slowinski, Emil J.
9 (RLIN) 4964
700 1# - ADDED ENTRY--PERSONAL NAME
Personal name Stanitski, Conrad L.
9 (RLIN) 4965
700 0# - ADDED ENTRY--PERSONAL NAME
Personal name Satapah Ahmad
9 (RLIN) 4966
700 0# - ADDED ENTRY--PERSONAL NAME
Personal name Mustaffa Shamsuddin
9 (RLIN) 4967
700 0# - ADDED ENTRY--PERSONAL NAME
Personal name Mohammad Yusof Arshad
9 (RLIN) 4968
942 ## - ADDED ENTRY ELEMENTS (KOHA)
Source of classification or shelving scheme
Koha item type Book
Holdings
Withdrawn status Lost status Source of classification or shelving scheme Damaged status Not for loan Collection code Home library Current library Shelving location Date acquired Inventory number Total Checkouts Full call number Barcode Date last seen Price effective from Koha item type
          NON-FICTION AKMAL Melaka AKMAL Melaka PINJAMAN 16.05.2017 500431   540 MAS 201706744 16.05.2017 16.05.2017 Book
Pusat Sumber Maklumat Dato' Haji Sarmin Md Hussin, Akademi Kastam Diraja Malaysia, Melaka
Tel: 06-2331106 | Faks: 06-2313787